Flat Stanley's worldwide adventures #1
Available copies
- 3 of 3 copies available at LARL/NWRL Consortium.
- 3 of 3 copies available at Northwest Regional Library. (Show preferred library)
Current holds
0 current holds with 3 total copies.
Show Only Available Copies
| Location | Call Number / Copy Notes | Barcode | Shelving Location | Status | Due Date |
|---|---|---|---|---|---|
| Red Lake Falls Public Library | j PEN (Text) | 35500006919615 | Main | Available | - |
| Warroad Public Library | j PEN (Text) | 35500004551949 | Main | Available | - |
| Warroad Public Library | j PEN (Text) | 35500006720260 | Main | Available | - |
Record details
- ISBN: 9780061429903 (pbk bdg.)
- ISBN: 0061429902 (pbk bdg.)
- ISBN: 9780061429910 (trade bdg.)
- ISBN: 0061429910 (trade bdg.)
- ISBN: 9780545206839
- Physical Description: 71 p. : ill. ; 21 cm.
- Edition: 1st Harper Trophy ed.
- Publisher: New York : Harper, 2009.
Content descriptions
| Summary, etc.: | Hoping to escape the attention brought on by the ... Read More |
Search for related items by subject
| Genre: | Adventure stories. |
Search for related items by series
| LDR | 02309cam a2200529 a 4500 | ||
|---|---|---|---|
| 001 | 108164 | ||
| 003 | LARL_NWRL_CONSORTIUM | ||
| 005 | 20230929175128.0 | ||
| 008 | 081024s2009 nyua b 000 1 eng | ||
| 019 | . | ‡a262883999 | |
| 020 | . | ‡a9780061429903 (pbk bdg.) | |
| 020 | . | ‡a0061429902 (pbk bdg.) | |
| 020 | . | ‡a9780061429910 (trade bdg.) | |
| 020 | . | ‡a0061429910 (trade bdg.) | |
| 020 | . | ‡a9780545206839 | |
| 035 | . | ‡a(OCoLC)262883920 ‡z(OCoLC)262883999 | |
| 042 | . | ‡alcac | |
| 043 | . | ‡an-us-sd | |
| 082 | 1 | 4. | ‡a[E] ‡222 |
| 100 | 1 | . | ‡aPennypacker, Sara, ‡d1951- ‡0(LARL_NWRL_CONSORTIUM)112333 |
| 245 | 1 | 0. | ‡aFlat Stanley's worldwide adventures ‡n#1 |
| 246 | 3 | 4. | ‡aThe Mount Rushmore calamity ‡n#1 / ‡ccreated by Jeff Brown ; written by Sara Pennypacker ; pictures by Macky Pamintuan |
| 250 | . | ‡a1st Harper Trophy ed. | |
| 260 | . | ‡aNew York : ‡bHarper, ‡c2009. | |
| 300 | . | ‡a71 p. : ‡bill. ; ‡c21 cm. | |
| 490 | 0 | . | ‡aFlat Stanley's worldwide adventures ; ‡v1 |
| 520 | . | ‡aHoping to escape the attention brought on by the accident that flattened Stanley, the Lambchop family drives to South Dakota, where they become involved in a wild west adventure at Mount Rushmore. | |
| 650 | 1. | ‡aAdventure and adventurers ‡vFiction. ‡0(LARL_NWRL_CONSORTIUM)175858 | |
| 650 | 1. | ‡aGold mines and mining ‡vFiction. ‡0(LARL_NWRL_CONSORTIUM)165501 | |
| 650 | 1. | ‡aVacations ‡vFiction. ‡0(LARL_NWRL_CONSORTIUM)167844 | |
| 651 | 1. | ‡aMount Rushmore National Memorial (S.D.) ‡vFiction. | |
| 651 | 1. | ‡aSouth Dakota ‡vFiction. ‡0(LARL_NWRL_CONSORTIUM)168862 | |
| 655 | 0. | ‡aAdventure stories. | |
| 650 | 0. | ‡aGold mines and mining ‡vJuvenile fiction. | |
| 650 | 0. | ‡aVacations ‡vJuvenile fiction. | |
| 651 | 0. | ‡aMount Rushmore National Memorial (S.D.) ‡vJuvenile fiction. | |
| 651 | 0. | ‡aSouth Dakota ‡vJuvenile fiction. | |
| 700 | 1 | . | ‡aBrown, Jeff, ‡d1926-2003. ‡0(LARL_NWRL_CONSORTIUM)74247 |
| 700 | 1 | . | ‡aPamintuan, Macky. ‡0(LARL_NWRL_CONSORTIUM)194288 |
| 901 | . | ‡a108164 ‡bOCLC ‡c108164 ‡tbiblio | |

Add to basket
Permalink
Disable Highlighting